<?xml version="1.0" encoding="UTF-8"?>
<record
    xmlns:xsi="http://www.w3.org/2001/XMLSchema-instance"
    xsi:schemaLocation="http://www.loc.gov/MARC21/slim http://www.loc.gov/standards/marcxml/schema/MARC21slim.xsd"
    xmlns="http://www.loc.gov/MARC21/slim">

  <leader>00961nam a2200289Ia 4500</leader>
  <controlfield tag="003">OSt</controlfield>
  <controlfield tag="005">20250219151544.0</controlfield>
  <controlfield tag="008">210210b2005   xxu||||| |||| 00| 0 eng d</controlfield>
  <datafield tag="040" ind1=" " ind2=" ">
    <subfield code="c">AL</subfield>
  </datafield>
  <datafield tag="041" ind1=" " ind2=" ">
    <subfield code="a">Kannada</subfield>
  </datafield>
  <datafield tag="082" ind1=" " ind2=" ">
    <subfield code="a">613.7046K NAGA</subfield>
  </datafield>
  <datafield tag="100" ind1=" " ind2=" ">
    <subfield code="a">NAGARAJA RAV (M K) Ed</subfield>
    <subfield code="d">&#xCA8;&#xCBE;&#xC97;&#xCB0;&#xCBE;&#xC9C; &#xCB0;&#xCBE;&#xCB5;&#xCCD; (&#xC8E;&#xC82; &#xC95;&#xCC6;) </subfield>
    <subfield code="9">201365</subfield>
  </datafield>
  <datafield tag="245" ind1=" " ind2=" ">
    <subfield code="a">Yoga darshana sampada: belli habbada nenapina grantha 1980-2005</subfield>
    <subfield code="b">&#xCAF;&#xCCB;&#xC97; &#xCA6;&#xCB0;&#xCCD;&#xCB6;&#xCA8; &#xCB8;&#xC82;&#xCAA;&#xCA6;: &#xCAC;&#xCC6;&#xCB3;&#xCCD;&#xCB3;&#xCBF; &#xCB9;&#xCAC;&#xCCD;&#xCAC;&#xCA6; &#xCA8;&#xCC6;&#xCA8;&#xCAA;&#xCBF;&#xCA8; &#xC97;&#xCCD;&#xCB0;&#xC82;&#xCA5; 1980-2005 </subfield>
  </datafield>
  <datafield tag="260" ind1=" " ind2=" ">
    <subfield code="a">TumakUru</subfield>
    <subfield code="b">Shri Patanjali Yoga Shikshana Samiti</subfield>
    <subfield code="c">2005</subfield>
  </datafield>
  <datafield tag="300" ind1=" " ind2=" ">
    <subfield code="a">x,238</subfield>
  </datafield>
  <datafield tag="650" ind1=" " ind2=" ">
    <subfield code="a">YOga</subfield>
    <subfield code="9">201366</subfield>
  </datafield>
  <datafield tag="650" ind1=" " ind2=" ">
    <subfield code="a">sampada:</subfield>
    <subfield code="9">201367</subfield>
  </datafield>
  <datafield tag="650" ind1=" " ind2=" ">
    <subfield code="a">nenapina</subfield>
    <subfield code="9">201368</subfield>
  </datafield>
  <datafield tag="650" ind1=" " ind2=" ">
    <subfield code="a">habbada</subfield>
    <subfield code="9">201369</subfield>
  </datafield>
  <datafield tag="650" ind1=" " ind2=" ">
    <subfield code="a">grantha</subfield>
    <subfield code="9">201370</subfield>
  </datafield>
  <datafield tag="650" ind1=" " ind2=" ">
    <subfield code="a">darshana</subfield>
    <subfield code="9">201371</subfield>
  </datafield>
  <datafield tag="650" ind1=" " ind2=" ">
    <subfield code="a">beLLi</subfield>
    <subfield code="9">201372</subfield>
  </datafield>
  <datafield tag="650" ind1=" " ind2=" ">
    <subfield code="a">1980-2005</subfield>
    <subfield code="9">201373</subfield>
  </datafield>
  <datafield tag="690" ind1=" " ind2=" ">
    <subfield code="a">Physical Fitness</subfield>
    <subfield code="9">201374</subfield>
  </datafield>
  <datafield tag="906" ind1=" " ind2=" ">
    <subfield code="a">065506</subfield>
  </datafield>
  <datafield tag="942" ind1=" " ind2=" ">
    <subfield code="2">ddc</subfield>
    <subfield code="c">BK</subfield>
  </datafield>
  <datafield tag="999" ind1=" " ind2=" ">
    <subfield code="c">143016</subfield>
    <subfield code="d">143016</subfield>
  </datafield>
  <datafield tag="952" ind1=" " ind2=" ">
    <subfield code="0">0</subfield>
    <subfield code="1">0</subfield>
    <subfield code="2">ddc</subfield>
    <subfield code="4">0</subfield>
    <subfield code="7">0</subfield>
    <subfield code="8">Sanskrit</subfield>
    <subfield code="a">AL</subfield>
    <subfield code="b">AL</subfield>
    <subfield code="d">2021-02-17</subfield>
    <subfield code="e">Akhila Karnataka Samskrita Parishad, Karangalpady, Mangalore-3</subfield>
    <subfield code="g">100.00</subfield>
    <subfield code="l">0</subfield>
    <subfield code="o">613.7046K NAGA</subfield>
    <subfield code="p">065506</subfield>
    <subfield code="r">2021-02-17 00:00:00</subfield>
    <subfield code="w">2021-02-17</subfield>
    <subfield code="y">BK</subfield>
  </datafield>
</record>
